Central Library OPAC University of Rajshahi

Problems and opportunities of education for the people living in polder areas in Bangladesh : (Record no. 81819)

MARC details
000 -LEADER
fixed length control field 01019nam a22002417a 4500
001 - CONTROL NUMBER
RUCL Control Number 81819
003 - CONTROL NUMBER IDENTIFIER
rucl marc code BD-RjUL
005 - DATE AND TIME OF LATEST TRANSACTION
control field 20230830171358.0
008 - FIXED-LENGTH DATA ELEMENTS--GENERAL INFORMATION
fixed length control field 230830s2018 bg a|||| m||| 00| 0 eng d
035 ## - SYSTEM CONTROL NUMBER
system control number (BD-RjUL)81819
040 ## - CATALOGING SOURCE
Original cataloging agency BD-RjUL
Language of cataloging eng
Transcribing agency BD-RjUL
Modifying agency BD-RjUL
041 ## - LANGUAGE CODE
Language code of Book eng
082 ## - DEWEY DECIMAL CLASSIFICATION NUMBER
DDC Edition number 23
Classification number 370.0954924
Author mark and Year 2018
100 ## - MAIN ENTRY--PERSONAL NAME
Personal name Hossain, Md. Sazzad
9 (RLIN) 8711
245 10 - TITLE STATEMENT
Title Problems and opportunities of education for the people living in polder areas in Bangladesh :
Remainder of title A Study on Rajshahi District /
Statement of responsibility, etc Researcher Md. Sazzad Hossain ;
Name of Supervisor/Co-Supervisor Supervisor : Shahidur, Rahman Choudhary
260 ## - PUBLICATION, DISTRIBUTION, ETC. (IMPRINT)
Place of publication, distribution, etc Rajshahi :
Name of publisher, distributor, etc Institute of Education and Research (I E R), University of Rajshahi,
Date of publication, distribution, etc 2018
300 ## - PHYSICAL DESCRIPTION
Pagination xx, 170 leaves :
Other physical details ill, ;
Dimensions 29.cm.
502 ## - DISSERTATION NOTE
Dissertation note Thesis (Ph. D.) -- Institute of Education and Research (I E R), University of Rajshahi, 2018
504 ## - BIBLIOGRAPHY, ETC. NOTE
Bibliography, etc References : Leaves [133] -137
650 ## - SUBJECT ADDED ENTRY--TOPICAL TERM
Topical term or geographic name as entry element Education
Form subdivision Rajshahi
Geographic subdivision Bangladesh
9 (RLIN) 8712
700 ## - ADDED ENTRY--SUPERVISOR/CO-SUPERVISOR NAME
Personal name Choudhary, Shahidur, Rahman, Supervisor
9 (RLIN) 8713
942 ## - ADDED ENTRY ELEMENTS (KOHA)
Source of classification or shelving scheme Dewey Decimal Classification
Koha item type Theses
Holdings
Source of classification or shelving scheme Damaged status Not for loan Collection code Permanent Location Current Location Shelving location Date of accession Source of acquisition Full call number Barcode Date last seen Copy number Thesis
Dewey Decimal Classification   Not For Loan Theses Central Library, University of Rajshahi Central Library, University of Rajshahi Documentation Section 18/01/2023 Controller of Exam. R.U. THE 370.0954924 HOP 2018 D4597 30/08/2023 C-1 Theses